000 01399cam a22003737a 4500
003 CHAP
005 20220329142027.0
008 990316d1998 mx a r 00110 spa d
010 _a77274
011 _a78246
035 _a88121
040 _cCHAP
090 _aTesis
100 0 0 _aEsparza Argumedo, César Valentín.
_937750
245 0 _aElaboración de un software para el cálculo de transmiciones dentadas
_c/por César Valentín Esparza Argumedo y Jesús Salvador Santiago Sánchez
260 _aChapingo, Méx. :
_bEl autor,
_c1998.
300 _a124 h. :
_bilus. ; gráfs. ; cuadros
502 _aTesis (Ing. Mecánico Agrícola) -- UACH. Departamento de Ingenieria Mecánica Agrícola
590 _aALEPH
_b10
_c20130110
_lUCH01
_h1428
590 _aBATCH-UPD
_b10
_c20130110
_lUCH01
_h0441
590 _aBATCH-UPD
_b10
_c20130410
_lUCH01
_h0117
590 _aBATCH-UPD
_b10
_c20130914
_lUCH01
_h1315
590 _aCONVERSION
_b10
_c20130109
_lUCH01
_h1343
650 1 4 _aEngranajes.
_936992
650 1 4 _aSoftware.
_9108281
650 1 4 _aTransmisiones (tractores)
_9114633
700 0 _aSantiago Sánchez, Jesús Salvador.
_9102397
901 _aBK
905 _aMayto Villalobos S.
942 _cFOLL
949 _bBC
_cTES
_d33724000713897
_eTS2
_fc.2
_h33611
_i88121
_sb
949 _bBC
_cTES
_d33724000762837
_eTS2
_fc.3
_h35953
_i88121
_sb
949 _bBC
_cTES
_d881211
_eTS1
_h33610
_i88121
_sb
999 _c77274
_d77274